Hypotéky nikdy nepřestanou být in

O situácii na českom hypotekárnom trhu hovorí Jan Sadil, generálny riaditeľ Hypoteční banky.

Na minha lista:
Detalhes bibliográficos
Autor principal: Houdek, Tomáš
Outros Autores: Sadil, Jan
Formato: Capítulo de Livro
Idioma:tcheco
Assuntos:
Tags: Adicionar Tag
Sem tags, seja o primeiro a adicionar uma tag!

MARC

LEADER 00000naa a2200000 4500
001 0177142
005 20231211082844.6
041 0 |a cze 
044 |a CZ 
245 1 0 |a Hypotéky nikdy nepřestanou být in  |c Tomáš Houdek 
520 |a O situácii na českom hypotekárnom trhu hovorí Jan Sadil, generálny riaditeľ Hypoteční banky. 
610 2 0 |a Česko 
610 2 0 |a banky 
610 2 0 |a riaditelia 
610 2 0 |a manažéri 
610 2 0 |a interview 
610 2 0 |a bankovníctvo hypotekárne 
610 2 0 |a služby bankové 
610 2 0 |a hypotéky 
100 1 |a Houdek, Tomáš 
700 1 |a Sadil, Jan